000 00342nam a2200145 i 4500
001 bg
100 1 _aDOBRZYŃSKI, Marian
245 0 _aKierowanie kadrami /
_cMarian Dobrzyński.
260 _aWarszawa,
_c1978.
040 _cBPK
041 _apol
080 _a658.3.012.4::66/69
942 _cKS
008 s pl f |000 0 pol
999 _c9688
_d9688
856 _uhttp://koha.tu.koszalin.pl/cgi-bin/koha/opac-detail.pl?biblionumber=9688
_yKatalog online BPK